Regulácia spotrebiteľských úverov v SR bakalárska práca

Na minha lista:
Detalhes bibliográficos
Autor principal: Demiger, Peter
Autor Corporativo: Národohospodárska fakulta EU. Katedra bankovníctva a medzinárodných financií
Outros Autores: Žoldáková, Natália, 1985-
Formato: Livro
Idioma:eslovaco
Publicado em: Bratislava 2018
Tags: Adicionar Tag
Sem tags, seja o primeiro a adicionar uma tag!

MARC

LEADER 00000nbm a2200000 4500
001 0245833
005 20181213104955.7
041 0 |a slo 
044 |a SK 
245 1 0 |a Regulácia spotrebiteľských úverov v SR  |b bakalárska práca  |c Peter Demiger ; školiteľ: Natália Zelenková 
264 1 |a Bratislava  |c 2018 
300 |a 43 s. 
100 1 |a Demiger, Peter 
700 1 |a Žoldáková, Natália, 1985- 
710 2 |a Národohospodárska fakulta EU. Katedra bankovníctva a medzinárodných financií